| 000 | 00379 a2200121 4500 | ||
|---|---|---|---|
| 001 | ART_11562 | ||
| 005 | 20260410161858.0 | ||
| 008 | 260409a | ||
| 245 | 1 | 0 | _aEffluent charges and licenses under uncertainty |
| 100 | 1 | _aRoberts, Marc J. | |
| 700 | 1 | _aSpence, Michael | |
| 773 | 0 |
_tJournal of public economics _g- Vol. 5, NÂș 3/4 (abr./mayo. 1976) _wREV11485 |
|
| 999 |
_c25641 _d25641 |
||